| 000 | 00354nam a2200157Ia 4500 | ||
|---|---|---|---|
| 008 | 210210b1937 xxu||||| |||| 00| 0 eng d | ||
| 041 | _aeng | ||
| 082 | _a331/243 | ||
| 100 | _aULMANN (Albert) | ||
| 245 | _aMoney talks | ||
| 260 |
_aBoston _bBruce Humphries Inc _c1937 |
||
| 650 | _atalks | ||
| 650 | _aMoney | ||
| 690 | _aBanking | ||
| 906 | _a004145 | ||
| 999 |
_c123204 _d123204 |
||